Learning Resource and Development

Children's literature : (Record no. 21493)

MARC details
000 -LEADER
fixed length control field 01927cam a2200505 a 4500
001 - CONTROL NUMBER
control field childrensliterat00rudm
003 - CONTROL NUMBER IDENTIFIER
control field CaSfIA
005 - DATE AND TIME OF LATEST TRANSACTION
control field 20230525155036.0
007 - PHYSICAL DESCRIPTION FIXED FIELD--GENERAL INFORMATION
fixed length control field cr||||
008 - FIXED-LENGTH DATA ELEMENTS--GENERAL INFORMATION
fixed length control field 831017s1984 nyu b 001 0 eng
010 ## - LIBRARY OF CONGRESS CONTROL NUMBER
LC control number 83022217
040 ## - CATALOGING SOURCE
Original cataloging agency DLC
Transcribing agency DLC
Modifying agency PSM
-- BTCTA
-- LVB
-- YDXCP
-- GEBAY
-- CaSfIA
020 ## - INTERNATIONAL STANDARD BOOK NUMBER
International Standard Book Number 0582283981 :
Terms of availability $25.00
020 ## - INTERNATIONAL STANDARD BOOK NUMBER
International Standard Book Number 9780582283985
020 ## - INTERNATIONAL STANDARD BOOK NUMBER
International Standard Book Number 0582283973 (pbk.) :
Terms of availability $14.95
020 ## - INTERNATIONAL STANDARD BOOK NUMBER
International Standard Book Number 9780582283978 (pbk.)
035 ## - SYSTEM CONTROL NUMBER
System control number (OCoLC)10072935
050 00 - LIBRARY OF CONGRESS CALL NUMBER
Classification number PN1009.A1
Item number R8 1984
082 00 - DEWEY DECIMAL CLASSIFICATION NUMBER
Classification number 028.1/6
Edition number 20
029 1# - OTHER SYSTEM CONTROL NUMBER (OCLC)
OCLC library identifier NLGGC
System control number 833246259
029 1# - OTHER SYSTEM CONTROL NUMBER (OCLC)
OCLC library identifier NZ1
System control number 2836979
029 1# - OTHER SYSTEM CONTROL NUMBER (OCLC)
OCLC library identifier AU@
System control number 000003014658
029 1# - OTHER SYSTEM CONTROL NUMBER (OCLC)
OCLC library identifier HEBIS
System control number 055420842
029 1# - OTHER SYSTEM CONTROL NUMBER (OCLC)
OCLC library identifier GEBAY
System control number 316572
029 1# - OTHER SYSTEM CONTROL NUMBER (OCLC)
OCLC library identifier DEBBG
System control number BV000220476
100 1# - MAIN ENTRY--PERSONAL NAME
Personal name Rudman, Masha Kabakow.
245 10 - TITLE STATEMENT
Title Children's literature :
Medium [electronic resource]
Remainder of title an issues approach /
Statement of responsibility, etc. Masha Kabakow Rudman.
250 ## - EDITION STATEMENT
Edition statement 2nd ed.
260 ## - PUBLICATION, DISTRIBUTION, ETC.
Place of publication, distribution, etc. New York :
Name of publisher, distributor, etc. Longman,
Date of publication, distribution, etc. c1984.
300 ## - PHYSICAL DESCRIPTION
Extent xvi, 476 p. ;
Dimensions 24 cm.
504 ## - BIBLIOGRAPHY, ETC. NOTE
Bibliography, etc. note Includes bibliographies and indexes.
505 0# - FORMATTED CONTENTS NOTE
Formatted contents note Family -- Sex -- Gender roles -- Heritage -- Special needs -- Old age -- Death -- War -- Methodology.
650 #0 - SUBJECT ADDED ENTRY--TOPICAL TERM
Topical term or geographic name entry element Children's literature
General subdivision History and criticism.
650 #0 - SUBJECT ADDED ENTRY--TOPICAL TERM
Topical term or geographic name entry element Children's literature
Form subdivision Bibliography.
650 #0 - SUBJECT ADDED ENTRY--TOPICAL TERM
Topical term or geographic name entry element Children
General subdivision Books and reading.
650 #6 - SUBJECT ADDED ENTRY--TOPICAL TERM
Topical term or geographic name entry element Littérature de jeunesse
General subdivision Histoire et critique.
650 #6 - SUBJECT ADDED ENTRY--TOPICAL TERM
Topical term or geographic name entry element Littérature de jeunesse
Form subdivision Bibliographie.
650 07 - SUBJECT ADDED ENTRY--TOPICAL TERM
Topical term or geographic name entry element Kinderliteratur
Source of heading or term swd
650 07 - SUBJECT ADDED ENTRY--TOPICAL TERM
Topical term or geographic name entry element Thema
Source of heading or term swd
650 07 - SUBJECT ADDED ENTRY--TOPICAL TERM
Topical term or geographic name entry element Bibliographie
Source of heading or term swd
650 07 - SUBJECT ADDED ENTRY--TOPICAL TERM
Topical term or geographic name entry element Motiv
Source of heading or term swd
776 08 - ADDITIONAL PHYSICAL FORM ENTRY
Relationship information Online version:
Main entry heading Rudman, Masha Kabakow.
Title Children's literature.
Edition 2nd ed.
Place, publisher, and date of publication New York : Longman, c1984
Record control number (OCoLC)607200239
856 41 - ELECTRONIC LOCATION AND ACCESS
Uniform Resource Identifier <a href="http://www.archive.org/details/childrensliterat00rudm">http://www.archive.org/details/childrensliterat00rudm</a>
Public note Free eBook from the Internet Archive
856 42 - ELECTRONIC LOCATION AND ACCESS
Uniform Resource Identifier <a href="http://www.openlibrary.org/books/OL3179627M">http://www.openlibrary.org/books/OL3179627M</a>
Public note Additional information and access via Open Library
Holdings
Withdrawn status Lost status Damaged status Not for loan Collection Home library Current library Date acquired Total Checkouts Full call number Date last seen Price effective from Koha item type
        Project Gutenberg Main Library Main Library 05/25/2023   PN1009.A1 R8 1984 05/25/2023 05/25/2023 EBooks